000 00409nam a2200157Ia 4500
008 230917s9999||||xx |||||||||||||| ||und||
040 _e128276
_aMAIN
041 _aEnglish
082 _a658.4 K834E
100 _aKoontz, Harold
245 0 _aEssentials of management: An International perspective
250 _a5th ed.
260 _aNew Delhi
_bTata McGraw-Hill
_c2003
300 _a530 p.
942 _cBK
999 _c132943
_d132943